La forêt salvatrice. Reboisement, société et catastrophe au prisme de l’histoire, Guillaume Decocq, Bernard Kalaora, Chloé Vlassopoulos Champ Vallon, 2016, 285 p. (notice n° 1665951)

détails MARC
000 -LEADER
fixed length control field 01904cam a2200169 4500500
005 - DATE AND TIME OF LATEST TRANSACTION
control field 20260222002744.0
041 ## - LANGUAGE CODE
Language code of text/sound track or separate title fre
042 ## - AUTHENTICATION CODE
Authentication code dc
100 10 - MAIN ENTRY--PERSONAL NAME
Personal name Arnould, Paul
Relator term author
245 00 - TITLE STATEMENT
Title La forêt salvatrice. Reboisement, société et catastrophe au prisme de l’histoire, Guillaume Decocq, Bernard Kalaora, Chloé Vlassopoulos Champ Vallon, 2016, 285 p.
260 ## - PUBLICATION, DISTRIBUTION, ETC.
Date of publication, distribution, etc. 2017.<br/>
500 ## - GENERAL NOTE
General note 91
520 ## - SUMMARY, ETC.
Summary, etc. L’agriculture offre des avantages nombreux et divers pour les écosystèmes urbains. Aux États-Unis, on observe un développement rapide des activités agricoles urbaines, tant quantitativement que dans la diversité des formes qu’elles prennent. L’article analyse le rôle des cadres normatifs en matière de politique agricole urbaine des municipalités. Les études de cas de trois villes Baltimore (Maryland), Chicago (Illinois) et Minneapolis (Minnesota) – visent à montrer s’il y a mise en œuvre stratégique ou non d’un cadre normatif et à évaluer l’impact de la norme ou de son absence sur les initiatives d’agriculture urbaine.
520 ## - SUMMARY, ETC.
Summary, etc. Agriculture offers a wide array of benefits to the urban ecosystem. In the United States, urban agricultural activities are rapidly increasing, both in sheer quantity and in the form in which it is manifest. This paper explores the role of normative frameworks in urban agriculture policy at the municipal level. Case study analysis of three cities – Baltimore, Maryland; Chicago, Illinois; and Minneapolis, Minnesota – seeks first to identify whether or not a normative framework is strategically employed and second, to assess the impact of the norm, or its absence, on urban agricultural initiatives.
786 0# - DATA SOURCE ENTRY
Note Natures Sciences Sociétés | 25 | 1 | 2017-06-27 | p. 80g-94g | 1240-1307
856 41 - ELECTRONIC LOCATION AND ACCESS
Uniform Resource Identifier <a href="https://stm.cairn.info/revue-natures-sciences-societes-2017-1-page-80g?lang=fr&redirect-ssocas=7080">https://stm.cairn.info/revue-natures-sciences-societes-2017-1-page-80g?lang=fr&redirect-ssocas=7080</a>

Pas d'exemplaire disponible.

PLUDOC

PLUDOC est la plateforme unique et centralisée de gestion des bibliothèques physiques et numériques de Guinée administré par le CEDUST. Elle est la plus grande base de données de ressources documentaires pour les Étudiants, Enseignants chercheurs et Chercheurs de Guinée.

Adresse

627 919 101/664 919 101

25 boulevard du commerce
Kaloum, Conakry, Guinée

Réseaux sociaux

Powered by Netsen Group @ 2025